000 00504nam a2200181Ia 4500
008 191130s1957##################000#0#eng##
020 _a9780486604435
040 _aACL
_cACL
082 _a530.1 REI
100 _aReichenbach, Hans
245 _aThe philosophy of space and time
_cHans Reichenbach
260 _aMineola, NY
_bDover Publications
_c1957
300 _axvi, 295p
650 _aPhysics-space and time
990 _ade374b77ac10000c70f7631312fa3c02
991 _a242945
999 _c63689
_d63689